00807nam a2200133Ia 4500008004100000050002800041100004900069245027900118260003800397300003400435700004700469710009000516710006700606120626s2017 mx a 000 0 spa d aTNA NC1002.L3bC33 2017 aCadena Picón, Ángel Ricardoesustentante aLa función del diseñador gráfico en el proceso para la fabricación de etiquetas termoencogibles c/ tesina que para obtener el título de Licenciatura en Diseño y Comunicación Visual, presenta Ángel Ricardo Cadena Picón ; asesora Claudia Vázquez Barajas  aMéxicob: sin editorialc, 2017 a60 páginasb: ilustraciones aVázquez Barajas, Claudia Beatrizeasesor aUniversidad Nacional Autónoma de México,e institución que otorga el título.  aUniversidad Insurgentes Plantel Xola, eentidad participante.